| 000 | 00499nam a22001817a 4500 | ||
|---|---|---|---|
| 003 | OSt | ||
| 005 | 20140310181912.0 | ||
| 008 | 130713t xxu||||| |||| 00| 0 eng d | ||
| 050 |
_aHG 4521 _b.Es78 2011 |
||
| 082 |
_aTR 332.6 _bEs7 2011 |
||
| 245 |
_aEssentials of investments in the Philippine capital market / _cRhoderick R. Santos |
||
| 260 |
_aLas Pinas City : _bSISC, _c2011. |
||
| 300 |
_a608 p. _c22 cm. |
||
| 521 | _aFaculty | ||
| 541 | _j1 | ||
| 562 | _e1 | ||
| 942 |
_2lcc _cBK-TR _kTR |
||
| 999 |
_c6586 _d6586 |
||